000 00952cam a22002771 4500
999 _c15229
_d15229
001 10319534
003 OSt
005 20180216092554.0
008 720222s1963 iauak b 000 0 eng
010 _a 63021472
035 _a(OCoLC)246111
040 _aDLC
_cODaWU
_dOCoLC
_dDLC
042 _apremarc
050 0 0 _aLB1775
_b.M433
082 _a370.733
100 1 _aMartin, R. Lee.
245 1 0 _aGateway to teaching
_c[by] R. Lee Martin [and] Alvin M. Westcott. Illustrated by Alvin M. Westcott.
260 _aDubuque, Iowa,
_bW. C. Brown Co.
_c[1963]
300 _axiii, 305 p.
_billus., diagrs., forms, tables.
_c24 cm.
490 0 _aBrown education series
504 _aIncludes bibliographies. Bibliographical footnotes.
650 0 _aTeaching.
700 1 _aWestcott, Alvin M.,
_ejoint author.
906 _a7
_bcbc
_coclcrpl
_du
_encip
_f19
_gy-gencatlg
942 _2lcc
_cBOOKS
_hLB 1775 .M37 1963